| 000 | 01590nam a2200181Ia 4500 | ||
|---|---|---|---|
| 008 | 151202s9999||||xx |||||||||||||| ||und|| | ||
| 082 | _bPNVM-124772 | ||
| 100 | _aपारनेरकर रामचंद्र प्रह्लाद ( डॉ. पूर्णवाद ) | ||
| 245 | _a"संपर्क ३२ सूत्रात आधिभौतिक, आधिदैविक व आध्यात्मिक मी पणाच्या ओळखीतून कैवल्याकडे जाण्याचे निरूपण " | ||
| 260 | _bपारनेरकर विष्णु रामचंद्र १७५ टिळक पथ इंदौर ( म प्र ) | ||
| 260 | _c1964 | ||
| 300 | _a186 | ||
| 600 | _aपारनेरकर रामचंद्र प्रह्लाद ( डॉ. पूर्णवाद ) | ||
| 630 | _a"संपर्क ३२ सूत्रात आधिभौतिक, आधिदैविक व आध्यात्मिक मी पणाच्या ओळखीतून कैवल्याकडे जाण्याचे निरूपण " | ||
| 700 | _aपारनेरकर रामचंद्र प्रह्लाद ( डॉ. पूर्णवाद ) | ||
| 730 | _a"संपर्क ३२ सूत्रात आधिभौतिक, आधिदैविक व आध्यात्मिक मी पणाच्या ओळखीतून कैवल्याकडे जाण्याचे निरूपण " | ||
| 942 | _cBOOK | ||
| 999 |
_c1354899 _d1354896 |
||